00777nam a22002057a 450000500170000001000150001702000260003203500140005803700130007208200130008510000190009824501510011726000400026827000400030830000320034870000200038094200270040099900190042795201250044620171122150810.0 aENG-121567 a9789325984233c375.00 aEN-105099 bDBAD/PUB a621.3192 aSalivahanan, S aNetwork analysis and synthesis /cby S Salivahanan [and] s Pravin Kumarbfor third semester of electronics engineering and allied course of uptu / aNoidabVikas Publishing Housec2015 aE-28, Sector-8, bNoida(UP)e201301 axi,546p. :c25cm(pbk)bill. aKumar, S.Pravin 2ddccENh621.3192mSAL c147676d147676 001040718NFICaDBADbBNd2017-11-22eDBAD/PUBg375.00l0o621.3192 SALpEN-105099r2017-11-22 00:00:00t1v375.00yEN